[Event "Africa-ch Amateurs U2000"]
[Site "Bujumbura"]
[Date "2024.07.23"]
[Round "2"]
[White "Chiluba, Innocent"]
[Black "Mohamed, Yusuf Ahmed"]
[Result "0-1"]
[WhiteElo "1917"]
[BlackElo "1825"]
[PlyCount "64"]
[EventDate "2024.07.23"]
[EventType "swiss"]
[EventRounds "9"]
[EventCountry "BRI"]
[SourceTitle "EXT 2025"]
[Source "ChessBase"]
[SourceDate "2024.10.14"]
[SourceVersion "1"]
[SourceVersionDate "2024.10.14"]
[SourceQuality "1"]

1. e4 e5 2. Nf3 Nc6 3. Bb5 Nf6 4. 0-0 d6 5. d4 Bd7 6. d5 Ne7 7. Bd3 h6 8. c4 Ng6 9. Nc3 a6 10. h3 Be7 11. Nh2 c6 12. b3 0-0 13. Ne2 Nh5 14. g4 Nhf4 15. Nxf4 exf4 16. Bb2 Bf6 17. Qd2 Bxb2 18. Qxb2 Qh4 19. f3 Qg3+ 20. Kh1 Qxh3 21. dxc6 Bxc6 22. Qd4 Rfe8 23. Rf2 Rad8 24. b4 Ne5 25. Re1 b5 26. Bf1 Qh4 27. Rc1 Nxg4 28. fxg4 Rxe4 29. Qb6 Rxc4+ 30. Kg1 Rxc1 31. Qc7 Qg3+ 32. Rg2 Qxg2# 0-1